[Event "ARG-ch (Women) 74th"]
[Site "Buenos Aires"]
[Date "2023.11.24"]
[Round "5"]
[White "Ramirez, Marysol"]
[Black "Encina, Guadalupe"]
[Result "0-1"]
[WhiteElo "1720"]
[BlackElo "1877"]
[PlyCount "54"]
[EventDate "2023.11.20"]
[EventType "swiss"]
[EventRounds "9"]
[EventCountry "ARG"]
[SourceTitle "CB49_2023"]
[SourceDate "2023.12.06"]
[SourceVersion "1"]
[SourceVersionDate "2023.12.06"]
[SourceQuality "1"]

1. d4 Nf6 2. Bf4 c5 3. dxc5 Na6 4. Nc3 Nxc5 5. e3 d6 6. Nf3 g6 7. Be2 Bg7 8. 0-0 0-0 9. Ne1 Qb6 10. Rb1 Rd8 11. a4 a5 12. Bf3 Bd7 13. b3 Bc6 14. Nd5 Nxd5 15. Bxd5 Bxd5 16. Qxd5 Nxa4 17. Qd2 Nc3 18. Rc1 Qb5 19. Nd3 Rdc8 20. Kh1 Rc6 21. f3 Rac8 22. Ra1 b6 23. Ra3 e5 24. Bg3 e4 25. fxe4 Nxe4 26. Qe1 Nxg3+ 27. hxg3 Rxc2 0-1

[Event "ARG-ch (Women) 74th"]
[Site "Buenos Aires"]
[Date "2023.11.23"]
[Round "4"]
[White "Encina, Guadalupe"]
[Black "Campos, Maria Jose"]
[Result "0-1"]
[WhiteElo "1877"]
[BlackElo "2208"]
[PlyCount "64"]
[EventDate "2023.11.20"]
[EventType "swiss"]
[EventRounds "9"]
[EventCountry "ARG"]
[SourceTitle "CB49_2023"]
[SourceDate "2023.12.06"]
[SourceVersion "1"]
[SourceVersionDate "2023.12.06"]
[SourceQuality "1"]

1. e4 e5 2. Nf3 Nc6 3. Bc4 Nf6 4. d3 Bc5 5. c3 d6 6. 0-0 a6 7. Bb3 Ba7 8. Nbd2 0-0 9. h3 Ne7 10. Re1 Ng6 11. Nf1 Be6 12. Bc2 Qc8 13. Ng3 b5 14. d4 h6 15. Be3 c5 16. Qd2 Qb7 17. a3 Rfe8 18. Rad1 cxd4 19. cxd4 Rac8 20. Rc1 Red8 21. Bb1 Bc4 22. Red1 Bb6 23. Qe1 a5 24. Bd2 Qa7 25. Bc3 Bb3 26. Rd2 Re8 27. dxe5 dxe5 28. Nf5 Rc5 29. Nd6 Re6 30. Qe2 b4 31. Rdd1 bxc3 32. Rd3 Nf4 0-1

[Event "Buenos Aires Faogba Verano"]
[Site "Buenos Aires"]
[Date "2016.12.20"]
[Round "6.3"]
[White "Barrientos Medina, Juan Carlos"]
[Black "Encina, Guadalupe"]
[Result "1-0"]
[WhiteElo "1984"]
[BlackElo "1883"]
[PlyCount "53"]
[EventDate "2016.12.15"]
[EventType "swiss"]
[EventRounds "6"]
[EventCountry "ARG"]
[SourceTitle "EXT 2024"]
[Source "ChessBase"]
[SourceDate "2023.10.10"]
[SourceVersion "1"]
[SourceVersionDate "2023.10.10"]
[SourceQuality "1"]

1. e4 c5 2. Nc3 d6 3. f4 a6 4. a4 Nc6 5. Nf3 g6 6. Bc4 Bg7 7. d3 Nf6 8. 0-0 0-0 9. f5 Bd7 10. Qe1 Nd4 11. fxg6 hxg6 12. Qh4 Nxf3+ 13. Rxf3 Ng4 14. Bg5 Qb6 15. Nd5 Bd4+ 16. Kh1 Qxb2 17. Raf1 Bf2 18. Rh3 Bxh4 19. Rxh4 Qxc2 20. h3 Nf2+ 21. Kg1 Nxh3+ 22. gxh3 Kg7 23. Bh6+ Kh7 24. Bxf8+ Kg8 25. Nxe7+ Kxf8 26. Rxf7+ Ke8 27. Rh8# 1-0

[Event "South America-ch U16 Girls 13th"]
[Site "Santiago de Chile"]
[Date "2016.12.05"]
[Round "7"]
[White "Encina, Guadalupe"]
[Black "Henriquez Agurto, Antonia"]
[Result "1/2-1/2"]
[WhiteElo "1882"]
[BlackElo "1655"]
[PlyCount "60"]
[EventDate "2016.12.01"]
[EventType "swiss"]
[EventRounds "9"]
[EventCountry "CHI"]
[SourceTitle "EXT 2018"]
[Source "ChessBase"]
[SourceDate "2017.10.13"]
[SourceVersion "1"]
[SourceVersionDate "2017.10.13"]
[SourceQuality "1"]

1. d4 Nf6 2. Bf4 e6 3. e3 d6 4. Nf3 Nbd7 5. h3 Be7 6. Be2 0-0 7. 0-0 c6 8. Nbd2 Qc7 9. Bh2 Re8 10. c3 Bf8 11. Qb3 e5 12. Ng5 Nb6 13. dxe5 dxe5 14. Nc4 h6 15. Nf3 Nxc4 16. Bxc4 Bd6 17. Rad1 Be6 18. Nd2 b5 19. Bxe6 Rxe6 20. Qc2 Nd5 21. a3 Nb6 22. c4 Qe7 23. Qe4 Rc8 24. Rc1 a6 25. cxb5 cxb5 26. Rxc8+ Nxc8 27. Rc1 Nb6 28. Rc6 Bc7 29. Rxe6 Qxe6 30. Nf3 f6 1/2-1/2

[Event "South America-ch U16 Girls 13th"]
[Site "Santiago de Chile"]
[Date "2016.12.04"]
[Round "5"]
[White "Encina, Guadalupe"]
[Black "Vildosola Canales, Melany Selena"]
[Result "1-0"]
[WhiteElo "1882"]
[BlackElo "1616"]
[PlyCount "87"]
[EventDate "2016.12.01"]
[EventType "swiss"]
[EventRounds "9"]
[EventCountry "CHI"]
[SourceTitle "EXT 2018"]
[Source "ChessBase"]
[SourceDate "2017.10.13"]
[SourceVersion "1"]
[SourceVersionDate "2017.10.13"]
[SourceQuality "1"]

1. d4 Nf6 2. Bf4 g6 3. e3 d5 4. Nf3 Bg7 5. Be2 c5 6. c3 Nc6 7. h3 0-0 8. 0-0 c4 9. Nbd2 Bf5 10. Ne5 Qc8 11. Qa4 Bd7 12. Qa3 Re8 13. Bf3 Bf8 14. b3 b5 15. Qb2 Bf5 16. Rfe1 Nxe5 17. Bxe5 Be4 18. Be2 Qc6 19. f3 Bd3 20. Bxd3 cxd3 21. Rac1 Nd7 22. Bg3 e5 23. e4 dxe4 24. fxe4 Qb6 25. Bf2 Qf6 26. Qb1 exd4 27. cxd4 Bh6 28. Qxd3 a6 29. Be3 Bxe3+ 30. Rxe3 Rac8 31. Rf1 Qe7 32. Ref3 Rf8 33. g4 Rcd8 34. Qe3 Qh4 35. Qf2 Qxf2+ 36. R1xf2 Nb6 37. d5 Nc8 38. Rf6 Rd6 39. Rxd6 Nxd6 40. e5 Nb7 41. Ne4 Rc8 42. Kg2 Nc5 43. Rc2 Nxe4 44. Rxc8+ 1-0

[Event "ARG-ch (Women)"]
[Site "Buenos Aires"]
[Date "2015.09.11"]
[Round "8"]
[White "Encina, Guadalupe"]
[Black "Nejanky, Maisa"]
[Result "0-1"]
[WhiteElo "1651"]
[BlackElo "2062"]
[PlyCount "68"]
[EventDate "2015.09.04"]
[EventType "swiss"]
[EventRounds "8"]
[EventCountry "ARG"]
[SourceTitle "EXT 2016"]
[Source "ChessBase"]
[SourceDate "2015.10.08"]
[SourceVersion "1"]
[SourceVersionDate "2015.10.08"]
[SourceQuality "1"]

1. d4 c5 2. d5 Nf6 3. c4 b5 4. cxb5 a6 5. bxa6 g6 6. Nc3 Bxa6 7. Nf3 d6 8. Rb1 Nbd7 9. g3 Bg7 10. Bg2 Nb6 11. h3 Bc4 12. Nh4 Bxa2 13. Nxa2 Rxa2 14. 0-0 Nfd7 15. e4 0-0 16. f4 Qc7 17. Kh1 Rb8 18. Qe2 c4 19. Be3 Na4 20. Rfc1 Nc3 21. Rxc3 Bxc3 22. Qg4 Rbxb2 23. Rxb2 Rxb2 24. Nf5 Bf6 25. Nh6+ Kf8 26. h4 c3 27. h5 c2 28. hxg6 Rb1+ 29. Kh2 hxg6 30. f5 Ne5 31. Qf4 g5 32. Qf2 c1Q 33. Bxc1 Rxc1 34. Qa2 Kg7 0-1

[Event "ARG-ch (Women)"]
[Site "Buenos Aires"]
[Date "2015.09.07"]
[Round "4"]
[White "Encina, Guadalupe"]
[Black "Suito Nakasone, Catherine"]
[Result "0-1"]
[WhiteElo "1651"]
[BlackElo "1872"]
[PlyCount "102"]
[EventDate "2015.09.04"]
[EventType "swiss"]
[EventRounds "8"]
[EventCountry "ARG"]
[SourceTitle "EXT 2016"]
[Source "ChessBase"]
[SourceDate "2015.10.08"]
[SourceVersion "1"]
[SourceVersionDate "2015.10.08"]
[SourceQuality "1"]

1. d4 Nf6 2. Bf4 g6 3. e3 Bg7 4. Nf3 d6 5. h3 0-0 6. Be2 c5 7. Nc3 Nc6 8. a3 b6 9. 0-0 Bb7 10. Re1 h6 11. Bh2 Nh7 12. Rb1 Rc8 13. dxc5 bxc5 14. Qd2 Qa5 15. Nd5 Qxd2 16. Nxd2 Rfe8 17. Red1 Ne5 18. Nc4 Nxc4 19. Bxc4 Bc6 20. Ba6 Rcd8 21. b4 Bxd5 22. Rxd5 Rb8 23. b5 Nf6 24. Rd3 Ne4 25. c4 Nc3 26. Rb3 Na4 27. Rd1 Rb6 28. Kf1 Reb8 29. Rdb1 Nc3 30. Rc1 Rxa6 31. Rbxc3 Bxc3 32. Rxc3 Ra4 33. e4 Rb6 34. e5 a6 35. exd6 exd6 36. bxa6 Raxa6 37. Rd3 Kf8 38. Ke2 Ke7 39. Bf4 Rb2+ 40. Kf3 g5 41. Bc1 Rc2 42. Rd1 Rxc4 43. Re1+ Kd7 44. Bb2 Rf4+ 45. Kg3 h5 46. f3 f6 47. Bc1 h4+ 48. Kh2 Rc4 49. Bb2 d5 50. Re2 d4 51. Re4 Rd6 0-1

[Event "ARG-ch U16 sf"]
[Site "La Falda"]
[Date "2015.03.23"]
[Round "8"]
[White "Encina, Guadalupe"]
[Black "Porta Campos, Nicolas"]
[Result "1-0"]
[WhiteElo "1747"]
[BlackElo "1783"]
[PlyCount "113"]
[EventDate "2015.03.19"]
[EventType "swiss"]
[EventRounds "9"]
[EventCountry "ARG"]
[SourceTitle "EXT 2016"]
[Source "ChessBase"]
[SourceDate "2015.10.08"]
[SourceVersion "1"]
[SourceVersionDate "2015.10.08"]
[SourceQuality "1"]

1. d4 Nf6 2. Bf4 e6 3. e3 c5 4. c3 Be7 5. Nd2 d6 6. Ngf3 b6 7. Bd3 Bb7 8. h3 cxd4 9. exd4 Nbd7 10. 0-0 0-0 11. Re1 Qc7 12. a4 Rfe8 13. Nc4 Nf8 14. Na3 Ng6 15. Bh2 Rad8 16. a5 Bc6 17. axb6 axb6 18. Nb5 Bxb5 19. Bxb5 Rf8 20. Ra6 Ra8 21. Qa4 Rxa6 22. Qxa6 Rb8 23. Ra1 Kf8 24. Nd2 Nd5 25. Bg3 Ngf4 26. Nf1 Nh5 27. Bh2 g6 28. Qa7 Rb7 29. Qa8+ Kg7 30. Qa2 Bg5 31. Qb1 Ra7 32. Rxa7 Qxa7 33. Bxd6 Qb7 34. Qe4 Qc8 35. Ng3 Nxg3 36. Bxg3 f5 37. Qe1 f4 38. Bh2 Bf6 39. Qe4 g5 40. Bd3 Qg8 41. h4 Kh6 42. c4 Nb4 43. hxg5+ Bxg5 44. Bxf4 Nxd3 45. Bxg5+ Qxg5 46. Qxd3 Qc1+ 47. Kh2 Qxb2 48. Qe3+ Kg7 49. Kg3 h6 50. Qxe6 Qxd4 51. Qg4+ Qxg4+ 52. Kxg4 Kg6 53. Kf4 Kf6 54. Ke4 Ke6 55. Kd4 h5 56. Ke4 h4 57. Kf4 1-0

[Event "South America-ch U14 Girls 11th"]
[Site "Montevideo"]
[Date "2014.09.11"]
[Round "5"]
[White "Molina, Jessica"]
[Black "Encina, Guadalupe"]
[Result "1/2-1/2"]
[WhiteElo "1703"]
[BlackElo "1724"]
[PlyCount "75"]
[EventDate "2014.09.08"]
[EventType "swiss"]
[EventRounds "9"]
[EventCountry "URU"]
[SourceTitle "EXT 2016"]
[Source "ChessBase"]
[SourceDate "2015.10.08"]
[SourceVersion "1"]
[SourceVersionDate "2015.10.08"]
[SourceQuality "1"]

1. d3 Nf6 2. g3 d5 3. Bg2 g6 4. c3 Bg7 5. h3 c5 6. Nd2 0-0 7. c4 e6 8. Rb1 Nc6 9. a3 Qd6 10. e3 Rd8 11. e4 dxc4 12. dxc4 Ne5 13. Qe2 Nd3+ 14. Kd1 Qd4 15. Ngf3 Qxf2 16. g4 Qxe2+ 17. Kxe2 Nf4+ 18. Kf2 Nxg2 19. Kxg2 Bd7 20. e5 Ne8 21. Re1 Bc6 22. b4 Bh6 23. Kf2 Bxd2 24. Nxd2 cxb4 25. axb4 b6 26. Re3 Rd4 27. Rbb3 Rad8 28. Ra3 Rxd2+ 29. Bxd2 Rxd2+ 30. Ke1 Rd7 31. Red3 Re7 32. b5 Be4 33. Rd4 Bh1 34. Kf2 Kg7 35. Ra1 Ba8 36. Rd8 Be4 37. Rd4 Ba8 38. Rd8 1/2-1/2

[Event "South America-ch U14 Girls 11th"]
[Site "Montevideo"]
[Date "2014.09.10"]
[Round "4"]
[White "Encina, Guadalupe"]
[Black "Suito Nakasone, Catherine"]
[Result "1/2-1/2"]
[WhiteElo "1724"]
[BlackElo "1712"]
[PlyCount "41"]
[EventDate "2014.09.08"]
[EventType "swiss"]
[EventRounds "9"]
[EventCountry "URU"]
[SourceTitle "EXT 2016"]
[Source "ChessBase"]
[SourceDate "2015.10.08"]
[SourceVersion "1"]
[SourceVersionDate "2015.10.08"]
[SourceQuality "1"]

1. d4 Nf6 2. Bf4 g6 3. e3 Bg7 4. h3 d6 5. Nf3 0-0 6. Be2 c5 7. c3 Qb6 8. Qb3 Be6 9. Qxb6 axb6 10. Nbd2 Rxa2 11. Rxa2 Bxa2 12. c4 Nc6 13. Kd1 Nh5 14. Bg5 d5 15. g4 Nf6 16. b3 Nb4 17. Kc1 e6 18. Bxf6 Bxf6 19. Kb2 Rd8 20. Kc3 Bg7 21. Rg1 1/2-1/2

[Event "South America-ch U14 Girls 11th"]
[Site "Montevideo"]
[Date "2014.09.09"]
[Round "3"]
[White "Encina, Guadalupe"]
[Black "Cosme Contreras, Trilce"]
[Result "1-0"]
[WhiteElo "1724"]
[BlackElo "1696"]
[PlyCount "111"]
[EventDate "2014.09.08"]
[EventType "swiss"]
[EventRounds "9"]
[EventCountry "URU"]
[SourceTitle "EXT 2016"]
[Source "ChessBase"]
[SourceDate "2015.10.08"]
[SourceVersion "1"]
[SourceVersionDate "2015.10.08"]
[SourceQuality "1"]

1. d4 Nf6 2. Bf4 g6 3. e3 Bg7 4. h3 d6 5. Nf3 0-0 6. Be2 h6 7. 0-0 g5 8. Bh2 Nh7 9. c4 f5 10. Qd2 Nf6 11. Nc3 e6 12. Rfd1 g4 13. hxg4 fxg4 14. Ne1 Nc6 15. Nd3 a6 16. b4 Ne7 17. Nf4 Qe8 18. c5 d5 19. a4 b6 20. Nd3 Ra7 21. Ne5 h5 22. Qc2 Nd7 23. Nxd7 Bxd7 24. e4 Qf7 25. Bf1 Nc6 26. exd5 exd5 27. Nxd5 Nxd4 28. Qa2 Be6 29. Bc4 Kh8 30. cxb6 cxb6 31. Nxb6 Bxc4 32. Nxc4 Ne2+ 33. Qxe2 Bxa1 34. Rxa1 Kg8 35. Qa2 Rc8 36. Ne3 Qxa2 37. Rxa2 Rc1+ 38. Nf1 Re7 39. f3 Ree1 40. Rf2 Rc4 41. Bd6 Rd4 42. Bc5 Rc4 43. fxg4 hxg4 44. Kh2 Rcc1 45. Ne3 Rh1+ 46. Kg3 a5 47. Kxg4 axb4 48. Bxb4 Ra1 49. a5 Ra4 50. Rf4 Rb1 51. Nd5 Ra2 52. g3 Rh1 53. Kg5 Rah2 54. g4 Rh6 55. Ne7+ Kh7 56. Rf7+ 1-0